000 01855nam0a22002771 4500
001 rc\3249505
005 20130115142836.2
035 _a(NLR Aleph) 007380466
090 _a6502582
_c6502582
100 _a20130115d1971 |||y0rusy50 ca
101 0 _arus
102 _aRU
105 _ay z |||||
200 1 _aСборник материалов Научной конференции врачей окулистов по борьбе с трахомой, лечению и профилактике других глазных заболеваний в Чимкентской области
_fПод ред. врача-окулиста С.К. Кривцова
_gЧимкенсткое обл. отд. здравоохранения. Чимкенсткая обл. глазная больница. Чимкентский обл. ком. Красного Креста. Чимкентский обл. дом сан. просвещения. Чимкентское обл. науч. о-во офтальмологов
210 _aЧимкент
_cБ. и.
_d1971
215 _a139 с.
_d22
300 _aНа обл. загл.: Глазные заболевания в Чимкентской области. Опыт их лечения и профилактики
333 _aДля служебного пользования. Экз. № 510
512 0 _aГлазные заболевания в Чимкентской области
702 1 _aКривцов
_bС. К.
_4340
710 1 2 _aЧимкентская обл. науч. конференция врачей окулистов по борьбе с трахомой, лечению и профилактике других глазных заболеваний (1971)
801 0 _aRU
_bNLR
_gpsbo
801 1 _aRU
_bELAR
_2rusmarc
852 _aNLR
_j71-50К/3763
942 _cBOOK
980 _aNB